Vấn đề giải quyết mâu thuẫn và sự vận dụng trong thực tiễn cách mạng Việt Nam
Phạm trù mâu thuẫn và phương pháp giải quyết mâu thuẫn. Vấn đề giải quyết mâu thuẫn trong cách mạng Việt Nam.
محفوظ في:
| المؤلف الرئيسي: | |
|---|---|
| مؤلفون آخرون: | |
| التنسيق: | كتاب |
| اللغة: | Vietnamese |
| منشور في: |
Đại học Đà Nẵng
Đại học Sư phạm
2009
|
| الموضوعات: | |
| الوسوم: |
إضافة وسم
لا توجد وسوم, كن أول من يضع وسما على هذه التسجيلة!
|
| Thư viện lưu trữ: | Mạng thư viện Đại học Đà Nẵng |
|---|
| LEADER | 01520nam a2200373 4500 | ||
|---|---|---|---|
| 001 | 000011732 | ||
| 003 | 8003 | ||
| 005 | 20120208160212.0 | ||
| 008 | 120208s2009 viesd | ||
| 041 | |a vie | ||
| 072 | |a Khóa luận tốt nghiệp | ||
| 082 | |a 335.401 |b NG-A | ||
| 100 | |a Nguyễn, Thị Vân Anh |e Tác giả | ||
| 245 | |a Vấn đề giải quyết mâu thuẫn và sự vận dụng trong thực tiễn cách mạng Việt Nam |c Nguyễn Thị Vân Anh | ||
| 260 | |a Đại học Đà Nẵng |b Đại học Sư phạm |c 2009 | ||
| 300 | |a 79 tr. |c 29 cm |e Tóm tắt | ||
| 500 | |a Khóa luận tốt nghiệp khoa Giáo dục chính trị. Lớp 05 GC | ||
| 520 | |a Phạm trù mâu thuẫn và phương pháp giải quyết mâu thuẫn. Vấn đề giải quyết mâu thuẫn trong cách mạng Việt Nam. | ||
| 653 | |a Mâu thuẫn | ||
| 653 | |a Phạm trù | ||
| 653 | |a Giải quyết | ||
| 653 | |a Vận dụng | ||
| 653 | |a Cách mạng Việt Nam | ||
| 700 | |a Nguyễn Tấn Hùng |c PGS.TS |e Hướng dẫn | ||
| OWN | |a LSP | ||
| AVA | |a UDN50 |b LSP |d 335.401 NG-A |e available |t Error 5001 Not defined in file expand_doc_bib_avail. |f 1 |g 0 |h N |i 0 |k 1 | ||
| 999 | |a From the UDN01 | ||
| AVA | |a UDN50 |b LSP |d 335.401 NG-A |e available |t Error 5001 Not defined in file expand_doc_bib_avail. |f 1 |g 0 |h N |i 0 |k 1 | ||
| TYP | |a Monograph | ||
| TYP | |a Printed language | ||
| 980 | |a Mạng thư viện Đại học Đà Nẵng | ||